000 00555nam a22001817a 4500
003 UA-OsUOA
001 10224
007 ta
008 20041229b un ||||| |||| 00| 0 ukr d
100 _aБульба О.
942 _cSA
040 _aUA-OsUOA
_cUA-OsUOA
_dUA-OsUOA
245 _aЄвропейська інтеграція України та питання реалізації принципу поділу влади
300 _aС.8-11
955 _a0
773 0 _w0
_tПраво України
_dКиїв
_d2004
_gN12
650 7 _aВлада
_2UDC
999 _c296385
_d296385